| 000 | 00659nam a2200253 a 4500 | ||
|---|---|---|---|
| 999 |
_c12089 _d12089 |
||
| 001 | 12089 | ||
| 003 | BD-JhCC | ||
| 005 | 20210314102440.0 | ||
| 008 | 200329s2018 b a|||| ||a| 000 0 eng d | ||
| 020 | _a9789849341338 | ||
| 035 | _a(BD-JhCC)12089 | ||
| 040 |
_aBD-JhCC _dBD-JhCC |
||
| 041 | _aEnglish | ||
| 082 |
_a923.1 _bULL 2018 |
||
| 100 | _aUllah,Ansar Ahmed | ||
| 245 |
_aOur Struggle, Our Freedom / _cAnsar Ahmed Ullah, Sejuti Mansur . |
||
| 260 |
_aDhaka: _bChaitanya; _c2018. |
||
| 300 |
_a136 p. : _c20 cm. |
||
| 600 | _aRahaman, shekh Mojibur | ||
| 650 | _aBiography | ||
| 700 | _aMansur,Sejuti | ||
| 942 |
_2ddc _cBK |
||